| 000 | 00853nam0a22002531 4500 | ||
|---|---|---|---|
| 001 | RU\INFOCOMM_322\NLR\5000114566 | ||
| 005 | 20250613105131.0 | ||
| 035 | _a(NLR Aleph) 009518809 | ||
| 090 |
_a8813704 _c8813704 |
||
| 100 | _a20121217d1918 |||y0rusy50 ca | ||
| 101 | 1 | _ager | |
| 102 | _aRU | ||
| 105 | _ay z ||||| | ||
| 200 | 1 |
_a... Zum reich des Sozialismus! _e(Die ökonomische Evolution und der Kommunismus) _fPaul Lafargue _g[Übersetzt von B. Bartels] |
|
| 210 |
_aMoskau _cDeutsche Gruppe der Russischen kommunistischen Partei (Bolschewiki) _d1918 |
||
| 215 |
_a30 с. _d17 см |
||
| 606 | 0 |
_aСоциализм _91189997 _3RU\NLR\AUTH\66480143 |
|
| 620 | _aМосква | ||
| 700 | 1 |
_aLafargue _bP. _f1842-1911 _gPaul |
|
| 801 | 1 |
_aRU _bInfocomm _c20121217 |
|
| 801 | 0 |
_aRU _bINFOCOMM _gPSBO |
|
| 852 |
_aNLR _jС8/233 |
||
| 942 | _cBOOK | ||
| 980 | _aNB | ||